00939 2200301 4500001002100000005001500021035002000036007000300056008004100059020002200100082001200122084001400134100003300148245010700181250003500288300004000323650003400363264003200397336002100429337003000450338002300480040002200503090002200525850001200547504003400559999002200593990002200615INLIS00000000089841220250725020600 a0010-0725000990ta250725s2024 yoia g eng d a978-634-01-0634-304223a425 a425 TRI b0 aTri Wintolo ApokaePengarang10aBasic and practical English :ba guide daily communication and effective teaching /cTri Wintolo Apoka aCetakan pertama, Desember 2024 avii, 166 halaman :bgambar ;c23 cm 4aBahasa Inggris--xTata bahasa31aSleman :bDeepublish,c2024 2rdacontentateks 2rdamediaatanpa perantara 2rdacarrieravolume aYOPDYOGbinderda aCB-D.11 2024-7020 aYOPDYOG aBibliografi : halaman 162-164 aCB-D.11/2024-7020 aCB-D.11/2024-7020